| 000 | 01305nam a2200397 i 4500 | ||
|---|---|---|---|
| 001 | 48508 | ||
| 003 | ES-MaCES | ||
| 005 | 20161116131431.0 | ||
| 008 | 161115s2016 sp 000 | spa d | ||
| 017 |
_aBI 483-2016 _bDL |
||
| 020 | _a9788492937639 | ||
| 040 |
_aES-MaCES _bspa _cES-MaCES |
||
| 245 | 0 | 3 |
_aLa pluralidad de emisión en España, 1844-1874 _ced. a cargo de Carles Sudrià Triay, Yolanda Blasco-Martel ; [autores], Mercedes Bernal Lloréns ... [et al.] |
| 250 | _a1ª ed | ||
| 260 |
_aBilbao _bFundación BBVA _c2016 |
||
| 300 |
_a709 p. _bmapas, gráf. col. _c30 cm |
||
| 500 | _aÍndices | ||
| 504 | _aBibliografía: p. 675-696 | ||
| 541 | _cGratuito | ||
| 650 | 4 |
_abanco _928104 |
|
| 650 | 4 |
_agrupo de ahorro y crédito _929763 |
|
| 650 | 4 |
_aactividad bancaria _928105 |
|
| 650 | 4 |
_amercado financiero _928150 |
|
| 650 | 4 |
_asector financiero _930761 |
|
| 650 | 4 |
_aEspaña _926964 |
|
| 650 | 4 |
_aEuropa _926940 |
|
| 650 | 4 |
_a1844-1874 _937525 |
|
| 650 | 4 |
_ahistoria _927251 |
|
| 653 | 1 | 0 | _aCiencias Sociales-Políticas |
| 700 | 1 |
_aSudrià Triay, Carles _937526 _eed. lit. |
|
| 700 | 1 |
_aBlasco-Martel, Yolanda _937527 _eed. lit. |
|
| 700 | 1 |
_aBernal Lloréns, Mercedes _937528 |
|
| 710 | 2 |
_aFundación BBVA _eed. _93766 |
|
| 902 | _aLIB Libro | ||
| 942 |
_2CES _cBK _h7.0. |
||
| 999 |
_c48508 _d48508 |
||